00801nam a2200241Ia 4500001000600000003000900006008004100015040001300056040001300069041001300082100001900095100002900114245005400143245005000197250001100247260001200258260001200270260004900282300005900331500011400390650002400504650003100528 9610IT-RoPAU130308s9999 xx 000 0 und d aIT-RoPAU cIT-RoPAU aITALIANO aChiari Giorgio gCodice Aut. SPICS: 8089 aDimensioni metodologiche del problema della crisi bMass Media, Famiglia e Trasformazioni Sociali a1a ed. aFIRENZE bSansoni c1980 [1° Ed.:1980 - Ed.Ling.Originale:1980] a"18 p. (prefazione: no ; testo: 18 [pagine: 245-262])" aCampione e inferenze Struttura del Questionario Unità di Analisi e Problemi di misurazione Analisi dei Dati aSAGGI DI SOCIOLOGIA eCodice materia Spics: 3657